| 000 | 00444nam a2200181Ia 4500 | ||
|---|---|---|---|
| 005 | 20250603145629.0 | ||
| 008 | 250603s9999 xx 000 0 und d | ||
| 020 | _a9780194756242 | ||
| 050 | _aPE 1128 .G73/ | ||
| 100 | _aGramer, Margot F. | ||
| 245 | 0 | _aQ: skills for success reading and writing 3. | |
| 260 | _aNew York | ||
| 260 | _bOxford University Press | ||
| 260 | _c2011 | ||
| 300 | _a223 p | ||
| 650 | _aNew York | ||
| 942 | _cBK | ||
| 999 |
_c42395 _d42395 |
||